| 000 | 00527cam4a220019300 4500 | ||
|---|---|---|---|
| 001 | tmp15332944 | ||
| 003 | UPRA | ||
| 005 | 20190815103501.0 | ||
| 008 | 950731s1973 dcu eng u | ||
| 035 | _a(Sirsi) r120041 | ||
| 035 | _a(UPRA)tmp15332944 | ||
| 040 | _cUPRA | ||
| 100 | 1 |
_aWilliams, Martin. _6A86029.1 |
|
| 245 | 1 | 0 |
_aJazz music : _ba brief history. |
| 260 |
_aWashington : _bSmithsonian Institution, _c1973. |
||
| 650 | 0 |
_aJazz. _6S6235.1 |
|
| 949 |
_aML3561 _wlcc _i-172763 _mMAIN _tBOOK _lON-SHELF |
||
| 004 | 120041 | ||
| 999 |
_c65909 _d65909 |
||